| 000 | 01242nam a2200385 i 4500 | ||
|---|---|---|---|
| 001 | 44184 | ||
| 003 | ES-MaCES | ||
| 005 | 20130925112836.0 | ||
| 008 | 130627s2013 sp bdo t 001 0 spa d | ||
| 017 |
_aB 14113-2013 _bDL |
||
| 020 | _a9788415462156 | ||
| 040 |
_aES-MaCES _bspa _cES-MaCES |
||
| 245 | 0 | 0 |
_aNuestras ciudades del futuro _b: ¿cómo hacer sostenibles los espacios urbanos? _cAlmudena Garrido y Guillermo Gándara (coord.) |
| 250 | _a1ª ed | ||
| 260 |
_aBarcelona _bErasmus _c2013 |
||
| 300 |
_a326 p. _bgráf., mapas, fot., bl. y n. y col. _c24 cm |
||
| 500 | _aEn el lomo: 6 | ||
| 504 | _aBibliografía | ||
| 541 | _aCompra | ||
| 650 | 4 |
_aciudad _928617 |
|
| 650 | 4 |
_anueva ciudad _928614 |
|
| 650 | 4 |
_aurbanización _928625 |
|
| 650 | 4 |
_aplanificación urbana _928620 |
|
| 650 | 4 |
_aparticipación social _927284 |
|
| 650 | 4 |
_adesarrollo urbano _928619 |
|
| 650 | 4 |
_adesarrollo sostenible _930785 |
|
| 650 | 4 |
_adesarrollo regional _929186 |
|
| 650 | 4 |
_aPaís Vasco _930799 |
|
| 650 | 4 |
_aestudio de casos _928846 |
|
| 653 | 1 | 0 | _aVivienda-Construcción-Urbanismo |
| 700 | 1 |
_aGarrido, Almudena _ecol. _934709 |
|
| 700 | 1 |
_aGándara, Guillermo _ecol. _934710 |
|
| 902 | _aLIB Libro | ||
| 942 |
_2CES _cBK _h5.2. |
||
| 999 |
_c44184 _d44184 |
||